000 00725cam a2200229 a 4500
001 4833405
005 20251030140729.0
008 900314s1990 mdua b 001 0 eng c
020 _a0683003240
020 _a9780683003246
050 1 0 _aRT89
_b.B282 1990
082 0 0 _a362.1/73/068
_220
100 1 _aBarker, Anne M.
245 1 0 _aTransformational nursing leadership :
_ba vision for the future /
_cAnne M. Barker.
260 _aBaltimore :
_bWilliams & Wilkins,
_cc1990.
300 _axxv, 256 p. :
_bill. ;
_c23 cm.
650 0 _aNursing services
_xAdministration.
650 2 _aAdministrative Personnel.
650 2 _aLeadership
_xnurses' instruction.
650 2 _aNursing, Supervisory
_xtrends.
942 _2lcc
_cBK
_n0
999 _c7965
_d7965